000 00767nas a2200241 4500
001 BR0202108
003 BR-BrBNA
005 20231205102909.0
007 ta
008 230509b bl.|||p| |||| 00| 00por d
040 _aBR-BrBNA
_bpor
_cBiblioteca Nacional de Agricultura
041 _a(Pt)
072 _aE13
100 1 _aConceição, R.A. da
245 1 _aRecursos do governo federal e do Banco do Brasil oxigenam e tornam viável o agribusiness nacional
650 _aDESENVOLVIMENTO AGRÍCOLA
650 _aFINANCIAMENTO
650 _aINSTITUIÇÃO FINANCEIRA
650 _aAGRIBUSINESS
773 0 _tAgroanalysis (Brazil)
_xISSN 0100-4298
_g(Apr 2001), v. 21(4) p. 27-28
_wBR0202108
909 _a202311
_bLúcia
_c55
_dLúcia Elande
942 _2AGRIS
_n0
_cANA
999 _c169952
_d169952